Movies Quiz

Random Movies or Quote Quiz

My Friends Call Me... Quiz Stats

Quiz Updated Jun 13, 2013

Also try: The Nickname Game
Challenge
Share
Tweet
Embed
Score 0/25 Timer 06:00
8 Plays Today
% Correct
Thumper
94.4%
Gandalf
90.3%
Bubba
90.2%
B.O.B
84.2%
Shirley
83%
Captain
80%
Ishmael
78.8%
Nova
75.5%
John
75.3%
Junior
71.5%
J.B.
69.2%
Siggy
65.6%
Tibbs
65.1%
% Correct
Barry
58.7%
Pig
56.4%
Chip
47.9%
Snake
44.3%
Colonel
44.2%
Otter
42%
Doll
38.5%
Phlegm
37.8%
Victoria
37.2%
Tiger
34.2%
Shauna
30.9%
Bry
24.4%

You're not logged in!

Compare scores with friends on all Sporcle quizzes.
Join for Free
OR
Log In

You Might Also Like...

Show Comments

Extras

Top Quizzes Today


Score Distribution

Your Account Isn't Verified!

In order to create a playlist on Sporcle, you need to verify the email address you used during registration. Go to your Sporcle Settings to finish the process.

Report this User

Report this user for behavior that violates our Community Guidelines.

Details: